The sacred sorrow of sparrows (Record no. 139868)

MARC details
000 -LEADER
fixed length control field 00535nam a22001817a 4500
005 - DATE AND TIME OF LATEST TRANSACTION
control field 20170515121935.0
010 ## - LCCN (DPL NO)
LC control number ENG-118148
020 ## - INTERNATIONAL STANDARD BOOK NUMBER
International Standard Book Number 9789385285684
Terms of availability 395.00
035 ## - SYSTEM CONTROL NUMBER
System control number EN-101680
037 ## - SOURCE OF ACQUISITION
Source of stock number/acquisition DBAD/PUB
082 ## - DEWEY DECIMAL CLASSIFICATION NUMBER
Classification number S
100 ## - MAIN ENTRY--PERSONAL NAME
Personal name Dasgupta, Siddharth
245 ## - TITLE STATEMENT
Title The sacred sorrow of sparrows
Statement of responsibility, etc by Siddharth Dasgupta
Remainder of title A collections of lives /
260 ## - PUBLICATION, DISTRIBUTION, ETC. (IMPRINT)
Place of publication, distribution, etc New Delhi
Name of publisher, distributor, etc Niyogi Books
Date of publication, distribution, etc 2017
270 ## - ADDRESS
Address D-78, Okhla Industrial Area, Phase-I New Delhi-110020
300 ## - PHYSICAL DESCRIPTION
Extent 253p
Dimensions 23cm.(Hb)
942 ## - ADDED ENTRY ELEMENTS (KOHA)
Source of classification or shelving scheme Dewey Decimal Classification
Item type English Books
Classification part S
Call number suffix DAS
Holdings
Withdrawn status Lost status Not for loan Collection code Home library Current library Date acquired Source of acquisition Cost, normal purchase price Full call number Barcode Copy number Cost, replacement price Koha item type
    Not For Loan Fiction D.B.Act.Division Bawana 15/05/2017 DBAD/PUB 395.00 S DAS EN-101680 1 395.00 English Books

© Delhi Public Library
Hit Counter
free hit counter